[Event "Gütersloher SV 1 - Herforder SV König"]
[Site "NRW-Klasse - Gruppe 1 2021/20"]
[Date "2021.12.05"]
[Round "2.7"]
[White "Heuermann, Heinz-Burkhard"]
[Black "Koenig, Andreas"]
[Result "1/2-1/2"]
[WhiteElo "1755"]
[BlackElo "1792"]
[PlyCount "91"]
[EventDate "2021.??.??"]
[SourceVersionDate "2020.03.16"]
[WhiteTeam "Herforder SV Königsspringer 1"]
[BlackTeam "Gütersloher SV 1"]

1. c4 e6 2. d4 d5 3. e3 Nf6 4. g3 Be7 5. Bg2 O-O 6. b3 c6 7. Nf3 a5 8. O-O b6
9. Re1 Ne4 10. Ba3 Bxa3 11. Nxa3 Qe7 12. Nc2 Ba6 13. Bf1 Nd7 14. cxd5 cxd5 15.
Bxa6 Rxa6 16. Qd3 Rfa8 17. Nd2 Nxd2 18. Qxd2 Qd6 19. Rec1 R6a7 20. Ne1 Rc7 21.
Rxc7 Qxc7 22. Rc1 Qb7 23. Qc2 g6 24. Nd3 Ra7 25. f3 Kf8 26. Kf2 Ke7 27. h4 h5
28. Qc6 Qxc6 29. Rxc6 Kd8 30. g4 Rc7 31. Rxc7 Kxc7 32. gxh5 gxh5 33. Ke2 Kd6
34. Kd2 Nf8 35. Nf4 Ng6 36. Nxg6 fxg6 37. f4 b5 38. a3 Ke7 39. Kd3 Kf6 40. e4
Kf7 41. Ke3 Kf6 42. Kf3 Kf7 43. Ke2 Ke7 44. Ke3 Kf6 45. Kf3 Kf7 46. Ke3 1/2-1/2

[Event "Gütersloher SV 1 - Herforder SV König"]
[Site "NRW-Klasse - Gruppe 1 2021/20"]
[Date "2021.12.05"]
[Round "2.8"]
[White "Moenig, Ruediger"]
[Black "Shabani, Petrit"]
[Result "0-1"]
[WhiteElo "1741"]
[BlackElo "1612"]
[PlyCount "76"]
[EventDate "2021.??.??"]
[SourceVersionDate "2020.03.16"]
[WhiteTeam "Gütersloher SV 1"]
[BlackTeam "Herforder SV Königsspringer 1"]

1. e4 c6 2. d4 e6 3. Nf3 d5 4. exd5 cxd5 5. Bd3 h6 6. O-O a6 7. Re1 Nf6 8. Nbd2
Be7 9. Nf1 O-O 10. Ng3 Nc6 11. c3 Bd6 12. Bd2 Nh7 13. Rc1 f5 14. Bb1 Nf6 15.
Qe2 Bd7 16. Ne5 Bxe5 17. dxe5 Ne4 18. Nxe4 dxe4 19. f3 exf3 20. gxf3 Ne7 21.
Be3 Bc6 22. Rcd1 Qe8 23. Qg2 Qh5 24. Kf2 Nd5 25. Bd3 Rae8 26. Rg1 Rf7 27. c4 f4
28. Bc5 Ne3 29. Bxe3 fxe3+ 30. Ke1 Qxe5 31. Bg6 Qa5+ 32. Ke2 Bxf3+ 33. Qxf3
Rxf3 34. Kxf3 Rf8+ 35. Kxe3 Qe5+ 36. Kd3 Qxb2 37. Ke4 Qxh2 38. Rg4 Qe2+ 0-1

[Event "SV Königsspringer Hamm 1 - SV Königss"]
[Site "NRW-Klasse - Gruppe 1 2021/20"]
[Date "2021.12.05"]
[Round "2.1"]
[White "Tuschinske, Matthias"]
[Black "Frombach, Ralf"]
[Result "1/2-1/2"]
[WhiteElo "2086"]
[BlackElo "2160"]
[PlyCount "120"]
[EventDate "2021.??.??"]
[SourceVersionDate "2020.03.16"]
[WhiteTeam "SV Königsspringer Lemgo 1"]
[BlackTeam "SV Königsspringer Hamm 1"]

1. e4 e5 2. Nf3 Nc6 3. Bc4 Bc5 4. c3 Nf6 5. d3 d6 6. O-O O-O 7. a4 a5 8. h3 h6
9. Nbd2 Re8 10. Re1 Bb6 11. Qc2 Nh5 12. Nf1 Qf6 13. Qd1 Nf4 14. Bxf4 Qxf4 15.
Ne3 Ne7 16. d4 exd4 17. Nxd4 c6 18. Qb3 Bc7 19. g3 Qf6 20. Bf1 Rb8 21. Rad1 Ng6
22. Bg2 h5 23. f4 Nf8 24. h4 Ne6 25. Nd5 cxd5 26. exd5 Kf8 27. dxe6 Bxe6 28.
Nxe6+ Rxe6 29. Bd5 Re7 30. Qb5 Rbe8 31. Qf1 Qg6 32. Rxe7 Qxg3+ 33. Qg2 Bb6+ 34.
Kf1 Qxf4+ 35. Qf3 Qxf3+ 36. Bxf3 Kxe7 37. Re1+ Kf8 38. Rxe8+ Kxe8 39. Bxh5 Bd8
40. Bf3 Bxh4 41. Bxb7 f5 42. Ke2 Kf7 43. b4 Bd8 44. Kd3 Ke6 45. Kc4 Kd7 46. Kb5
Bf6 47. Kc4 Kc7 48. Bd5 Kb6 49. Be6 f4 50. Bg4 d5+ 51. Kxd5 Bxc3 52. bxa5+ Kxa5
53. Ke4 Bd2 54. Bd7 Kb4 55. Kf3 Kc5 56. Bc8 Kd5 57. Bd7 Ke5 58. Bc8 g5 59. Bd7
Kf6 60. Bc8 g4+ 1/2-1/2

[Event "SV Königsspringer Hamm 1 - SV Königss"]
[Site "NRW-Klasse - Gruppe 1 2021/20"]
[Date "2021.12.05"]
[Round "2.2"]
[White "Prueß, Wilfried"]
[Black "Pajewski, Oliver"]
[Result "1/2-1/2"]
[WhiteElo "2018"]
[BlackElo "2002"]
[PlyCount "134"]
[EventDate "2021.??.??"]
[SourceVersionDate "2020.03.16"]
[WhiteTeam "SV Königsspringer Hamm 1"]
[BlackTeam "SV Königsspringer Lemgo 1"]

1. f4 b6 2. Nf3 Bb7 3. e3 g6 4. d4 Bg7 5. Bd3 Nf6 6. Nbd2 d6 7. O-O Nbd7 8. e4
O-O 9. c4 c5 10. d5 e5 11. fxe5 Ng4 12. Qe2 Ngxe5 13. Nxe5 Nxe5 14. Nf3 Qe7 15.
Nxe5 Qxe5 16. Bf4 Qxb2 17. Bxd6 Qxe2 18. Bxe2 Rfe8 19. Bf3 Bd4+ 20. Kh1 Bxa1
21. Rxa1 f6 22. Rd1 Bc8 23. Bc7 Bd7 24. g4 Rac8 25. Bg3 Kg7 26. g5 fxg5 27. e5
g4 28. Bg2 Bf5 29. Re1 h5 30. e6 Kf6 31. Be5+ Kg5 32. Bc3 h4 33. Bd2+ Kh5 34.
h3 g5 35. Re5 Rf8 36. hxg4+ Kxg4 37. Kh2 Kh5 38. e7 Kg6 39. exf8=Q Rxf8 40. Bh3
g4 41. Bxg4 Bxg4 42. Rg5+ Kf6 43. Rxg4 Ke5 44. Bc3+ Kd6 45. Be1 b5 46. Rg6+ Ke5
47. Bxh4 bxc4 48. d6 Rh8 49. Kh3 Rh7 50. Rg4 Kxd6 51. Rxc4 Kd5 52. Rc1 c4 53.
Kg4 Rc7 54. Kf3 Rc6 55. Rd1+ Kc5 56. Be7+ Kb5 57. Rb1+ Ka4 58. Rb4+ Ka5 59. Rb2
c3 60. Rc2 Kb5 61. Bg5 Kc4 62. Ke2 Rg6 63. Be3 Rg2+ 64. Kd1 Rg3 65. Bd2 Rd3 66.
Rxc3+ Rxc3 67. Bxc3 Kxc3 1/2-1/2

[Event "SV Königsspringer Hamm 1 - SV Königss"]
[Site "NRW-Klasse - Gruppe 1 2021/20"]
[Date "2021.12.05"]
[Round "2.3"]
[White "Kirchner, Karl-Heinz"]
[Black "Gerard, Marcel"]
[Result "0-1"]
[WhiteElo "1866"]
[BlackElo "1985"]
[PlyCount "68"]
[EventDate "2021.??.??"]
[SourceVersionDate "2020.03.16"]
[WhiteTeam "SV Königsspringer Lemgo 1"]
[BlackTeam "SV Königsspringer Hamm 1"]

1. d4 Nf6 2. Bf4 e6 3. e3 c5 4. c3 b6 5. Nf3 Bb7 6. Bd3 Be7 7. Nbd2 cxd4 8.
exd4 O-O 9. O-O d6 10. Re1 Nbd7 11. Ne4 Nxe4 12. Bxe4 Bxe4 13. Rxe4 Nf6 14. Re2
b5 15. Qd3 Qb6 16. Bg5 Qc6 17. Rd1 Qd5 18. a3 Rfc8 19. Rdd2 Rab8 20. Bxf6 Bxf6
21. Qe4 Qxe4 22. Rxe4 d5 23. Ree2 a5 24. g3 b4 25. axb4 axb4 26. Rc2 Kf8 27.
cxb4 Rxc2 28. Rxc2 Rxb4 29. Rd2 Rb3 30. Ne5 Bd8 31. Rc2 Ke7 32. Rc8 Rxb2 33.
Nxf7 Bb6 34. Ng5 Bxd4 0-1

[Event "SV Königsspringer Hamm 1 - SV Königss"]
[Site "NRW-Klasse - Gruppe 1 2021/20"]
[Date "2021.12.05"]
[Round "2.4"]
[White "Schmidt, Ingo"]
[Black "Lu, Trung Cang"]
[Result "1/2-1/2"]
[WhiteElo "1982"]
[BlackElo "1834"]
[PlyCount "54"]
[EventDate "2021.??.??"]
[SourceVersionDate "2020.03.16"]
[WhiteTeam "SV Königsspringer Hamm 1"]
[BlackTeam "SV Königsspringer Lemgo 1"]

1. e4 c6 2. d4 d5 3. Nc3 dxe4 4. Nxe4 Nf6 5. Nxf6+ gxf6 6. Bc4 Bf5 7. c3 e6 8.
Ne2 Qc7 9. Ng3 Bg6 10. Qf3 Nd7 11. a4 Bd6 12. a5 O-O-O 13. b4 e5 14. d5 e4 15.
Qe3 cxd5 16. Bxd5 Bxg3 17. a6 bxa6 18. hxg3 Nb6 19. c4 Nxc4 20. Bxc4 Qxc4 21.
Bd2 Kb7 22. Qf4 Qd4 23. Rc1 Qe5 24. Qh4 e3 25. Bxe3 Bd3 26. Qh5 Rd7 27. Rh4 Re8
1/2-1/2

[Event "SV Königsspringer Hamm 1 - SV Königss"]
[Site "NRW-Klasse - Gruppe 1 2021/20"]
[Date "2021.12.05"]
[Round "2.5"]
[White "Brechelt, Detlef"]
[Black "Paduch, Alexander"]
[Result "0-1"]
[WhiteElo "1789"]
[BlackElo "1825"]
[PlyCount "82"]
[EventDate "2021.??.??"]
[SourceVersionDate "2020.03.16"]
[WhiteTeam "SV Königsspringer Lemgo 1"]
[BlackTeam "SV Königsspringer Hamm 1"]

1. d4 Nf6 2. c4 e6 3. Nc3 Bb4 4. Qc2 d5 5. a3 Bxc3+ 6. Qxc3 Ne4 7. Qc2 O-O 8.
e3 f5 9. Bd3 b6 10. Nf3 Bb7 11. O-O Nd7 12. Nd2 c5 13. f3 Nd6 14. b3 Qg5 15. f4
Qe7 16. Bb2 Ne4 17. Nxe4 fxe4 18. Be2 Rac8 19. Qd2 a5 20. a4 Ba6 21. Rac1 cxd4
22. Qxd4 Nc5 23. Ba3 Qf6 24. Qd1 Rfd8 25. Bxc5 bxc5 26. cxd5 exd5 27. Bxa6 Qxa6
28. Rf2 Qb6 29. Rd2 c4 30. Rd4 cxb3 31. Rb1 Rc3 32. Qd2 Rdc8 33. Rxd5 Rxe3 34.
Qd4 Qxd4 35. Rxd4 Rc2 36. Rbd1 Ree2 37. Rd8+ Kf7 38. R8d7+ Kg6 39. R7d6+ Kf5
40. g3 Kg4 41. Rd7 Rg2+ 0-1

[Event "SV Königsspringer Hamm 1 - SV Königss"]
[Site "NRW-Klasse - Gruppe 1 2021/20"]
[Date "2021.12.05"]
[Round "2.6"]
[White "Klaus, Michael"]
[Black "Jost, Jan-Timo"]
[Result "1-0"]
[WhiteElo "1832"]
[BlackElo "1601"]
[PlyCount "79"]
[EventDate "2021.??.??"]
[SourceVersionDate "2020.03.16"]
[WhiteTeam "SV Königsspringer Hamm 1"]
[BlackTeam "SV Königsspringer Lemgo 1"]

1. d4 d5 2. Nf3 Nf6 3. Bf4 c6 4. h3 Bf5 5. e3 e6 6. Bd3 Bxd3 7. Qxd3 Bd6 8.
Bxd6 Qxd6 9. O-O O-O 10. Nbd2 Nbd7 11. c4 Rfe8 12. Rfd1 Rac8 13. a3 e5 14. dxe5
Nxe5 15. Nxe5 Qxe5 16. Nf3 Qe4 17. Rac1 Qxd3 18. Rxd3 Re7 19. cxd5 Rd7 20. d6
Rcd8 21. Rb3 b6 22. Rxc6 Rxd6 23. Rxd6 Rxd6 24. Nd4 Ne4 25. f3 Nc5 26. Rc3 g6
27. b4 Na4 28. Rc7 a6 29. Kf2 Nb2 30. Rc2 Nd3+ 31. Ke2 Ne5 32. f4 Nd7 33. Rc7
Nf6 34. Kf3 Nd5 35. Rc8+ Kg7 36. g4 b5 37. g5 Nb6 38. Rc7 Nc4 39. f5 Rd8 40.
Ne6+ 1-0

[Event "SV Königsspringer Hamm 1 - SV Königss"]
[Site "NRW-Klasse - Gruppe 1 2021/20"]
[Date "2021.12.05"]
[Round "2.7"]
[White "Luetkemeier, Timo"]
[Black "Przybela, Franz"]
[Result "1/2-1/2"]
[WhiteElo "1638"]
[BlackElo "1595"]
[Annotator "daniel"]
[PlyCount "101"]
[EventDate "2021.??.??"]
[SourceVersionDate "2020.03.16"]
[WhiteTeam "SV Königsspringer Lemgo 1"]
[BlackTeam "SV Königsspringer Hamm 1"]

1. e4 e6 2. d4 d5 3. Nc3 Nf6 4. Bg5 Be7 5. e5 Nfd7 6. h4 a6 7. Qg4 f5 8. Qg3 c5
9. Be3 Kf7 10. Nf3 Qg8 11. O-O-O Nc6 12. dxc5 Bxc5 13. Ng5+ Ke8 14. Nxe6 Bxe3+
15. Qxe3 Qxe6 16. Nxd5 Kd8 17. Qg5+ Ne7 18. Nxe7 Qxe7 19. e6 Qxg5+ 20. hxg5 Kc7
21. exd7 Bxd7 $11 22. Rh3 Rad8 23. Rc3+ Bc6 24. Rc5 g6 25. Re5 Rxd1+ 26. Kxd1
Kd6 27. Re3 Rf8 28. Rh3 Rf7 29. Kd2 f4 30. Bc4 Re7 31. Bg8 Bxg2 32. Rxh7 Rxh7
33. Bxh7 Be4 34. f3 Bf5 35. Bg8 Bd7 36. Bf7 Bf5 37. c4 b6 38. b4 Ke5 39. Kc3
Bb1 40. a3 Kf5 41. Kd4 Kxg5 42. Be6 Kf6 43. Kd5 Ba2 44. Bc8 b5 45. Bxa6 Bxc4+
46. Ke4 g5 47. a4 Ke6 48. Kd4 Bd5 49. Bc8+ Kd6 50. a5 Bxf3 51. Bf5 1/2-1/2

[Event "SV Königsspringer Hamm 1 - SV Königss"]
[Site "NRW-Klasse - Gruppe 1 2021/20"]
[Date "2021.12.05"]
[Round "2.8"]
[White "Sporkert, Corina"]
[Black "Dyck, Peter"]
[Result "1-0"]
[WhiteElo "1909"]
[BlackElo "1622"]
[PlyCount "87"]
[EventDate "2021.??.??"]
[SourceVersionDate "2020.03.16"]
[WhiteTeam "SV Königsspringer Hamm 1"]
[BlackTeam "SV Königsspringer Lemgo 1"]

1. e4 c6 2. d4 d5 3. exd5 cxd5 4. Nf3 Nc6 5. Bd3 Bg4 6. c3 e6 7. Bf4 Bd6 8.
Bxd6 Qxd6 9. Nbd2 Nf6 10. O-O O-O 11. Re1 Rac8 12. Qa4 Bxf3 13. Nxf3 a6 14. Re2
Qc7 15. Ne5 g6 16. Qd1 Nxe5 17. Rxe5 Nd7 18. Re3 Nf6 19. Qf3 Nh5 20. Rae1 Qd8
21. Qg4 Ng7 22. Rh3 Qf6 23. Ree3 h5 24. Qd1 Rce8 25. Re5 Qd8 26. Qd2 Nf5 27.
Rf3 Kg7 28. h3 Nh4 29. Rg3 Nf5 30. Bxf5 exf5 31. Rxf5 Kh7 32. Qg5 Qxg5 33.
Rfxg5 Rd8 34. Re5 Rd7 35. Rge3 Rfd8 36. f4 Kg7 37. f5 Kf6 38. fxg6 fxg6 39. Kf2
Rd6 40. Rf3+ Kg7 41. Re7+ Kh6 42. Rxb7 R8d7 43. Rxd7 Rxd7 44. Ke2 1-0

[Event "SK Werther 1 - Schach Nienberge 1"]
[Site "NRW-Klasse - Gruppe 1 2021/20"]
[Date "2021.12.05"]
[Round "2.1"]
[White "Remmeke, Hans"]
[Black "Freiberger, Jonas"]
[Result "0-1"]
[WhiteElo "2112"]
[BlackElo "2155"]
[Annotator "daniel"]
[PlyCount "74"]
[EventDate "2021.??.??"]
[SourceVersionDate "2020.03.16"]
[WhiteTeam "Schach Nienberge 1"]
[BlackTeam "SK Werther 1"]

1. d4 f5 2. Bg5 h6 3. Bh4 g5 4. e3 Nf6 5. Bg3 d6 6. h4 Bg7 7. hxg5 hxg5 8.
Rxh8+ Bxh8 9. Nc3 e6 10. Nh3 g4 11. Nf4 Qd7 12. Bc4 $11 d5 13. Be2 Qh7 14. Qd2
Nc6 15. O-O-O Bd7 16. f3 gxf3 17. gxf3 O-O-O 18. Rg1 Rg8 19. Qe1 Qf7 20. Nd3
Nh5 21. Bh2 Rxg1 22. Qxg1 f4 23. Nxf4 Nxf4 24. Bxf4 Bxd4 25. Nd1 Bf6 26. Kb1 e5
27. Bh2 Bf5 28. e4 dxe4 29. fxe4 Be6 30. Bg4 Nd4 31. Nc3 c6 32. a3 Kd7 33.
Bxe6+ Qxe6 34. Qg6 b5 35. Bg3 a5 36. Bh4 Bxh4 37. Qh7+ Be7 0-1

[Event "SK Werther 1 - Schach Nienberge 1"]
[Site "NRW-Klasse - Gruppe 1 2021/20"]
[Date "2021.12.05"]
[Round "2.2"]
[White "Goecke, Karl Ulrich"]
[Black "Gottkehaskamp, Philipp"]
[Result "1/2-1/2"]
[WhiteElo "2129"]
[BlackElo "2076"]
[PlyCount "82"]
[EventDate "2021.??.??"]
[SourceVersionDate "2020.03.16"]
[WhiteTeam "SK Werther 1"]
[BlackTeam "Schach Nienberge 1"]

1. d4 g6 2. Nf3 Bg7 3. g3 d5 4. Bg2 Nf6 5. O-O O-O 6. c4 c6 7. b3 a5 8. Nc3 Bf5
9. Bb2 Nbd7 10. e3 Ne4 11. cxd5 Nxc3 12. Bxc3 cxd5 13. Qe2 Qb6 14. Rfc1 Rfc8
15. Bf1 a4 16. b4 Qf6 17. Qb5 Bg4 18. Ne5 Nxe5 19. dxe5 Qc6 20. f4 Bd7 21. Qxc6
Rxc6 22. b5 Rc7 23. b6 Rc6 24. Bd4 e6 25. Rxc6 Bxc6 26. Rc1 Bf8 27. Rxc6 bxc6
28. b7 Rb8 29. Ba6 c5 30. Bc3 Be7 31. Kf1 Kf8 32. Ke2 Bd8 33. Kd3 Bb6 34. Kc2
Ke7 35. Kb2 Kd7 36. Ka3 Kc7 37. Kxa4 h6 38. Kb5 g5 39. Be1 Rg8 40. a4 h5 41.
fxg5 Rd8 1/2-1/2

[Event "SK Werther 1 - Schach Nienberge 1"]
[Site "NRW-Klasse - Gruppe 1 2021/20"]
[Date "2021.12.05"]
[Round "2.3"]
[White "Gottkehaskamp, Stefan"]
[Black "Henkemeier, Markus"]
[Result "1/2-1/2"]
[WhiteElo "2023"]
[BlackElo "2007"]
[PlyCount "33"]
[EventDate "2021.??.??"]
[SourceVersionDate "2020.03.16"]
[WhiteTeam "Schach Nienberge 1"]
[BlackTeam "SK Werther 1"]

1. d4 d5 2. Bf4 c6 3. e3 Bf5 4. Bd3 e6 5. Bxf5 exf5 6. Qd3 g6 7. Nf3 Nd7 8. Qb3
Qb6 9. Nbd2 Ngf6 10. h3 Be7 11. O-O O-O 12. Rac1 Ne4 13. Rfd1 Ndf6 14. c4 dxc4
15. Rxc4 Nxd2 16. Nxd2 Nd5 17. Bh2 1/2-1/2

[Event "SK Werther 1 - Schach Nienberge 1"]
[Site "NRW-Klasse - Gruppe 1 2021/20"]
[Date "2021.12.05"]
[Round "2.4"]
[White "Neumann, Marius"]
[Black "Kemper, Georg"]
[Result "0-1"]
[WhiteElo "1896"]
[BlackElo "1975"]
[PlyCount "38"]
[EventDate "2021.??.??"]
[SourceVersionDate "2020.03.16"]
[WhiteTeam "SK Werther 1"]
[BlackTeam "Schach Nienberge 1"]

1. f4 e6 2. Nf3 d5 3. e3 Nf6 4. Be2 Bd6 5. O-O O-O 6. d3 Nbd7 7. Nc3 e5 8. f5
e4 9. dxe4 dxe4 10. Ng5 Qe7 11. Qe1 h6 12. Nh3 Qe5 13. g3 Nb6 14. Qf2 g6 15. g4
gxf5 16. g5 Ng4 17. Bxg4 fxg4 18. Nf4 hxg5 19. Nh5 f5 0-1

[Event "SK Werther 1 - Schach Nienberge 1"]
[Site "NRW-Klasse - Gruppe 1 2021/20"]
[Date "2021.12.05"]
[Round "2.5"]
[White "Haas, Kai Markus"]
[Black "Hufendiek, Ekkehard"]
[Result "1-0"]
[WhiteElo "1900"]
[BlackElo "1891"]
[PlyCount "131"]
[EventDate "2021.??.??"]
[SourceVersionDate "2020.03.16"]
[WhiteTeam "Schach Nienberge 1"]
[BlackTeam "SK Werther 1"]

1. e4 e5 2. Nf3 Nc6 3. Bc4 Nf6 4. Ng5 d5 5. exd5 Na5 6. d3 h6 7. Nf3 Nxc4 8.
dxc4 Bg4 9. h3 Bxf3 10. Qxf3 e4 11. Qb3 Bc5 12. Be3 Qe7 13. Qb5+ Nd7 14. Bxc5
Qxc5 15. Qxc5 Nxc5 16. Nc3 a5 17. O-O-O O-O-O 18. Rhe1 f5 19. Re2 Rd6 20. g4
fxg4 21. hxg4 Rf8 22. Rd4 Rf4 23. Nxe4 Kd8 24. Nxc5 Rxd4 25. Nxb7+ Kd7 26. Nxd6
Kxd6 27. Re6+ Kd7 28. Rg6 Rxc4 29. Rxg7+ Kd6 30. b3 Rf4 31. Rg6+ Kxd5 32. Rxh6
a4 33. Rh5+ Kc6 34. Kb2 Rxf2 35. Rf5 Rg2 36. g5 axb3 37. Kxb3 Kb6 38. a4 c6 39.
a5+ Kb7 40. c3 Rg4 41. Rc5 Rg3 42. a6+ Kxa6 43. Rxc6+ Kb5 44. Rg6 Kc5 45. Rg8
Rg4 46. g6 Kd6 47. Ra8 Kc5 48. Ra6 Kb5 49. Rf6 Kc5 50. Kc2 Kc4 51. Kd2 Rg3 52.
Ke2 Rg1 53. Kf2 Rg5 54. Kf3 Kxc3 55. Kf4 Rg1 56. Kf5 Kd4 57. Rd6+ Ke3 58. Rd5
Rg2 59. Ra5 Rg1 60. Ra4 Rg2 61. Kf6 Rf2+ 62. Ke7 Rg2 63. Kf7 Rf2+ 64. Kg8 Rg2
65. g7 Kd3 66. Rh4 1-0

[Event "SK Werther 1 - Schach Nienberge 1"]
[Site "NRW-Klasse - Gruppe 1 2021/20"]
[Date "2021.12.05"]
[Round "2.6"]
[White "Ortpaul, Mario"]
[Black "Keller, Dirk"]
[Result "1/2-1/2"]
[WhiteElo "1864"]
[BlackElo "1919"]
[PlyCount "54"]
[EventDate "2021.??.??"]
[SourceVersionDate "2020.03.16"]
[WhiteTeam "SK Werther 1"]
[BlackTeam "Schach Nienberge 1"]

1. Nf3 c5 2. c4 Nc6 3. d4 cxd4 4. Nxd4 Qb6 5. e3 g6 6. Nc3 Bg7 7. Nd5 Qd8 8.
Be2 e6 9. Nc3 a6 10. O-O d6 11. b3 Nge7 12. Bb2 O-O 13. Qd2 Qc7 14. Rac1 Nxd4
15. exd4 Nc6 16. d5 Nd4 17. Bd3 e5 18. Ne2 Nxe2+ 19. Bxe2 a5 20. a3 b6 21. Ra1
Bf5 22. Bd3 Qd7 23. Rfc1 Rfc8 24. Bxf5 Qxf5 25. Qe3 Rab8 26. b4 Bf8 27. Qe2 Rb7
1/2-1/2

[Event "SK Werther 1 - Schach Nienberge 1"]
[Site "NRW-Klasse - Gruppe 1 2021/20"]
[Date "2021.12.05"]
[Round "2.7"]
[White "Wetterau, Georg"]
[Black "Geisler, Reinhard"]
[Result "1/2-1/2"]
[WhiteElo "1819"]
[BlackElo "1597"]
[PlyCount "51"]
[EventDate "2021.??.??"]
[SourceVersionDate "2020.03.16"]
[WhiteTeam "Schach Nienberge 1"]
[BlackTeam "SK Werther 1"]

1. e4 c5 2. Nf3 d6 3. d3 Nc6 4. g3 g6 5. Bg2 Bg7 6. O-O Nf6 7. Nbd2 O-O 8. Re1
Rb8 9. c3 e6 10. Nf1 b5 11. Qc2 Re8 12. h4 b4 13. N1h2 e5 14. Bg5 h6 15. Bd2
bxc3 16. bxc3 Qc7 17. Rab1 Be6 18. Be3 Rxb1 19. Rxb1 Rb8 20. Rxb8+ Qxb8 21. d4
exd4 22. cxd4 Nxd4 23. Nxd4 cxd4 24. Bxd4 Qb4 25. Bxa7 Qa5 26. Be3 1/2-1/2

[Event "SK Werther 1 - Schach Nienberge 1"]
[Site "NRW-Klasse - Gruppe 1 2021/20"]
[Date "2021.12.05"]
[Round "2.8"]
[White "Mindak, Kacper"]
[Black "Althoff, Franz"]
[Result "1-0"]
[WhiteElo "1495"]
[BlackElo "1981"]
[PlyCount "81"]
[EventDate "2021.??.??"]
[SourceVersionDate "2020.03.16"]
[WhiteTeam "SK Werther 1"]
[BlackTeam "Schach Nienberge 1"]

1. e4 c5 2. Nf3 d6 3. Bb5+ Nc6 4. d4 cxd4 5. Nxd4 Bd7 6. O-O Nf6 7. Nc3 e6 8.
Re1 Be7 9. h3 O-O 10. Bg5 a6 11. Bxc6 bxc6 12. f4 d5 13. e5 Ne8 14. Bxe7 Qxe7
15. Nce2 c5 16. Nb3 Nc7 17. a4 Rab8 18. Ra2 Rfd8 19. Ng3 Rb4 20. Qg4 Bxa4 21.
Nh5 Ne8 22. Na5 Bxc2 23. Nc6 Qc7 24. Nxd8 Qxd8 25. Rxa6 Bg6 26. Rea1 Rb8 27.
Ng3 Bd3 28. Ra7 c4 29. f5 h5 30. Qxh5 g6 31. fxg6 Bxg6 32. Qg4 Ng7 33. h4 Qb6+
34. Kh2 Qe3 35. h5 Bf5 36. Nxf5 exf5 37. Qg3 Qxg3+ 38. Kxg3 Rb3+ 39. Kh4 Rxb2
40. Ra8+ Kh7 41. R1a6 1-0

[Event "SK Münster 3 - SV Kamen 1"]
[Site "NRW-Klasse - Gruppe 1 2021/20"]
[Date "2021.12.05"]
[Round "2.1"]
[White "Lütke, Jens"]
[Black "Korth, Daniel"]
[Result "1/2-1/2"]
[WhiteElo "2205"]
[BlackElo "2154"]
[PlyCount "111"]
[EventDate "2021.??.??"]
[SourceVersionDate "2020.03.16"]
[WhiteTeam "SV Kamen 1"]
[BlackTeam "SK Münster 3"]

1. e4 e5 2. Nf3 Nc6 3. d4 exd4 4. Nxd4 g6 5. Nxc6 bxc6 6. Bc4 Bg7 7. O-O Ne7 8.
Nc3 d6 9. Qf3 O-O 10. Bg5 Be6 11. Bxe6 fxe6 12. Qh3 Qd7 13. Bh6 Rad8 14. Bxg7
Kxg7 15. Rad1 e5 16. Qe3 Nc8 17. Rd3 Qe6 18. Qd2 Rd7 19. b3 Rdf7 20. Nd1 Rf4
21. f3 h6 22. Qc3 Qe8 23. Ne3 R4f7 24. Qe1 Kh7 25. Rd1 Ne7 26. Qa5 Qb8 27. Nc4
Qb7 28. Qd2 Ng8 29. Rf2 Nf6 30. Rdf1 Nh5 31. g3 Ng7 32. Kg2 Ne6 33. h4 Qc8 34.
Qe3 g5 35. Rh1 g4 36. Rhf1 gxf3+ 37. Rxf3 Rxf3 38. Rxf3 c5 39. c3 Kg7 40. Rxf8
Qxf8 41. Qe2 Kh7 42. Ne3 Ng7 43. Qg4 Qf7 44. Qc8 Qh5 45. Kf2 Qf7+ 46. Ke2 Qh5+
47. Kd3 Qf7 48. Ke2 Qh5+ 49. Ng4 Qg6 50. Kf3 d5 51. exd5 Qd3+ 52. Kf2 Qd2+ 53.
Kg1 Qd1+ 54. Kg2 Qxd5+ 55. Kh3 Qh1+ 56. Nh2 1/2-1/2

[Event "SK Münster 3 - SV Kamen 1"]
[Site "NRW-Klasse - Gruppe 1 2021/20"]
[Date "2021.12.05"]
[Round "2.2"]
[White "Wieder, Heiner"]
[Black "Himmel, Hansjörg"]
[Result "1/2-1/2"]
[WhiteElo "2028"]
[BlackElo "2226"]
[PlyCount "83"]
[EventDate "2021.??.??"]
[SourceVersionDate "2020.03.16"]
[WhiteTeam "SK Münster 3"]
[BlackTeam "SV Kamen 1"]

1. e4 c5 2. Nf3 e6 3. d4 cxd4 4. Nxd4 a6 5. Nc3 Qc7 6. Bd3 Nc6 7. Be3 b5 8. O-O
Bb7 9. Kh1 Nf6 10. f4 b4 11. e5 bxc3 12. exf6 cxb2 13. Rb1 gxf6 14. Rxb2 Nxd4
15. Bxd4 Rg8 16. c3 Ba3 17. Rxb7 Qxb7 18. Qe2 Be7 19. Bxh7 Rh8 20. Be4 d5 21.
Bf3 Rb8 22. c4 Qc7 23. cxd5 Qxf4 24. Bg1 Bd6 25. h3 Qe5 26. Qxa6 Kf8 27. dxe6
Rb2 28. e7+ Kg7 29. e8=Q Rxe8 30. Rd1 Bc7 31. Qc4 Re7 32. Rd5 Qg3 33. Rd4 f5
34. Qc3 Kf8 35. Rd8+ Bxd8 36. Qh8+ Qg8 37. Qxb2 Re6 38. Bc5+ Be7 39. Qb8+ Kg7
40. Qg3+ Kf8 41. Qb8+ Kg7 42. Qg3+ 1/2-1/2

[Event "SK Münster 3 - SV Kamen 1"]
[Site "NRW-Klasse - Gruppe 1 2021/20"]
[Date "2021.12.05"]
[Round "2.3"]
[White "Weidemann, Christian"]
[Black "Baumann, Stephan"]
[Result "1/2-1/2"]
[WhiteElo "2231"]
[BlackElo "1997"]
[PlyCount "60"]
[EventDate "2021.??.??"]
[SourceVersionDate "2020.03.16"]
[WhiteTeam "SV Kamen 1"]
[BlackTeam "SK Münster 3"]

1. e4 e5 2. Nf3 Nc6 3. Bb5 Bc5 4. O-O Qf6 5. c3 Nge7 6. d4 exd4 7. Bg5 Qg6 8.
cxd4 Nxd4 9. Bxe7 Nxf3+ 10. Qxf3 Bxe7 11. Nc3 c6 12. Bd3 O-O 13. Rad1 d6 14. e5
f5 15. exd6 Bxd6 16. Rfe1 Be6 17. Ba6 Bf7 18. Bxb7 Qh6 19. Rxd6 Qxd6 20. Bxa8
Rxa8 21. Qxf5 Qd2 22. Qb1 Rf8 23. Re2 Qf4 24. Qe1 Bh5 25. Re5 Bg6 26. h3 Rd8
27. Qe3 Qb4 28. Qc1 Rb8 29. b3 Rd8 30. Re3 c5 1/2-1/2

[Event "SK Münster 3 - SV Kamen 1"]
[Site "NRW-Klasse - Gruppe 1 2021/20"]
[Date "2021.12.05"]
[Round "2.4"]
[White "Kaufhold, Thomas"]
[Black "Kleinegger, Frank"]
[Result "0-1"]
[WhiteElo "2014"]
[BlackElo "2088"]
[PlyCount "106"]
[EventDate "2021.??.??"]
[SourceVersionDate "2020.03.16"]
[WhiteTeam "SK Münster 3"]
[BlackTeam "SV Kamen 1"]

1. d4 e6 2. c4 d5 3. Nc3 Nf6 4. Nf3 c6 5. e3 Nbd7 6. Bd3 dxc4 7. Bxc4 b5 8. Bd3
a6 9. O-O c5 10. b3 Bb7 11. Bb2 Be7 12. Rc1 O-O 13. Qe2 Qb6 14. Rfd1 Rfd8 15.
Bb1 Rac8 16. Ne5 Qa7 17. Nxd7 Rxd7 18. dxc5 Rxd1+ 19. Rxd1 Qxc5 20. Qd3 Qg5 21.
e4 b4 22. Ne2 Bxe4 23. Qh3 Bxb1 24. Rxb1 Qg6 25. Rd1 Rc2 26. Nf4 Qe4 27. Qd3
Qxd3 28. Nxd3 Nd5 29. Kf1 f6 30. Ke1 Kf7 31. Rd2 Rxd2 32. Kxd2 e5 33. f3 Ke6
34. g3 Bd6 35. Nc1 Bc5 36. Ne2 h5 37. h3 Ne3 38. Bc1 Nf5 39. g4 Nh4 40. f4 hxg4
41. hxg4 e4 42. Ng3 Kd5 43. Ke2 g6 44. Bb2 Bd4 45. Bc1 Nf3 46. Nf1 f5 47. gxf5
gxf5 48. Ng3 Ke6 49. Nf1 Nh4 50. Bd2 Ng6 51. Ng3 a5 52. Bc1 Ne7 53. a3 a4 0-1

[Event "SK Münster 3 - SV Kamen 1"]
[Site "NRW-Klasse - Gruppe 1 2021/20"]
[Date "2021.12.05"]
[Round "2.5"]
[White "Seepe, Udo"]
[Black "Niermann, Rainer"]
[Result "1/2-1/2"]
[WhiteElo "2019"]
[BlackElo "1936"]
[PlyCount "27"]
[EventDate "2021.??.??"]
[SourceVersionDate "2020.03.16"]
[WhiteTeam "SV Kamen 1"]
[BlackTeam "SK Münster 3"]

1. c4 c5 2. g3 Nf6 3. Bg2 g6 4. Nf3 Bg7 5. d4 cxd4 6. Nxd4 Nc6 7. Nc3 O-O 8.
O-O a6 9. c5 Ne4 10. Nxc6 Nxc3 11. Nxd8 Nxd1 12. Rxd1 Rxd8 13. Rb1 d6 14. cxd6
1/2-1/2